000
00299nam a22001217a 4500
008
181205b xxu||||| |||| 00| 0 eng d
041
_a
eng
080
_a
618
100
_a
10
101
_a
GYN
245
_a
Endocrinology And Metabolism Clinics Of North America
_c
Jerome.f.s
942
_2
udc
_c
BK
999
_c
52852
_d
52852